Agreement setting out terms of appointment for the management of a block of flats (Record no. 106059)
[ view plain ]
| 000 -LEADER | |
|---|---|
| fixed length control field | 01045cam a22002655a 4500 |
| 001 - CONTROL NUMBER | |
| control field | L135432 |
| 008 - FIXED-LENGTH DATA ELEMENTS--GENERAL INFORMATION | |
| fixed length control field | 061026s2006 xk i f 000 0 eng u |
| 035 ## - SYSTEM CONTROL NUMBER | |
| System control number | (Sirsi) u135432 |
| 041 0# - LANGUAGE CODE | |
| Language code of text/sound track or separate title | eng |
| 050 04 - LIBRARY OF CONGRESS CALL NUMBER | |
| Classification number | 331.2 $2 18 |
| 110 2# - MAIN ENTRY--CORPORATE NAME | |
| Corporate name or jurisdiction name as entry element | Royal Institution of Chartered Surveyors |
| Subordinate unit | Residential Property Faculty |
| 9 (RLIN) | 4304 |
| 245 00 - TITLE STATEMENT | |
| Title | Agreement setting out terms of appointment for the management of a block of flats |
| 250 ## - EDITION STATEMENT | |
| Edition statement | 2nd ed. |
| 260 ## - PUBLICATION, DISTRIBUTION, ETC. | |
| Place of publication, distribution, etc. | Coventry |
| Name of publisher, distributor, etc. | RICS |
| Date of publication, distribution, etc. | 2006 |
| 300 ## - PHYSICAL DESCRIPTION | |
| Extent | 9p. |
| Other physical details | ill. $3 0cm. |
| 350 ## - PRICE (NR) (BK AM CF MU VM SE) [OBSOLETE] | |
| Price | 15 |
| 505 2# - FORMATTED CONTENTS NOTE | |
| Formatted contents note | Basic terms -- Standard terms |
| 520 ## - SUMMARY, ETC. | |
| Summary, etc. | Sample agreement document. Provides detailed explanations of the terms including: the service to be provided by the agent; what the agent is authorised to do; undertakings by the client; the remuneration liability of the agent; and termination. |
| 520 ## - SUMMARY, ETC. | |
| Summary, etc. | Supersedes 1st ed 1996 (M2186). |
| 590 ## - LOCAL NOTE (RLIN) | |
| Local note | KA |
| 651 #4 - SUBJECT ADDED ENTRY--GEOGRAPHIC NAME | |
| Geographic name | England and Wales |
| Chronological subdivision | 1543- |
| 690 ## - LOCAL SUBJECT ADDED ENTRY--TOPICAL TERM (OCLC, RLIN) | |
| Topical term or geographic name as entry element | PROPERTY-RESIDENTIAL PROPERTY-RESIDENTIAL LANDLORD AND TENANT |
| 942 ## - ADDED ENTRY ELEMENTS (KOHA) | |
| Suppress in OPAC | 0 |
| Withdrawn status | Lost status | Source of classification or shelving scheme | Damaged status | Not for loan | Home library | Current library | Shelving location | Date acquired | Total Checkouts | Full call number | Barcode | Date last seen | Copy number | Price effective from | Koha item type | Date last checked out |
|---|---|---|---|---|---|---|---|---|---|---|---|---|---|---|---|---|
| Dewey Decimal Classification | London | London | RICS Boxes | 18/09/2007 | RICS 2006/39 | 30073432 | 06/08/2019 | 1 | 06/08/2019 | Archive | ||||||
| Dewey Decimal Classification | London | London | RICS Boxes | 02/01/2007 | RICS 2006/39 | 30073433 | 06/08/2019 | 2 | 06/08/2019 | Reference material | ||||||
| Dewey Decimal Classification | London | London | RICS Boxes | 27/03/2009 | 1 | RICS 2006/39 | 30079698 | 06/08/2019 | 5 | 06/08/2019 | Book | 23/06/2009 |